Metroland
Saved in:
| Main Author: | |
|---|---|
| Format: | Book |
| Published: |
LondonlbPicadorlc1980
|
| Tags: |
Add Tag
No Tags, Be the first to tag this record!
|
| Call Number : | PZ 7. BAR 1980 |
MARC
| LEADER | 00000pam a2200000 4500 | ||
|---|---|---|---|
| 001 | 8762 | ||
| 003 | MY-KLNDU | ||
| 005 | 20241218052757.0 | ||
| 020 | 0 | 0 | |a 0330313819 |
| 035 | |a 0000010296 | ||
| 039 | 9 | |y 200910081455 |z VLOAD | |
| 090 | 0 | 0 | |a PZ 7. |b BAR 1980 |
| 100 | 1 | 0 | |a BarneslhJulian |
| 245 | 1 | 0 | |a Metroland |c Julian Barnes |
| 260 | 0 | 0 | |a LondonlbPicadorlc1980 |
| 300 | |a viii, 214p |c 20cm | ||
| 999 | |a vtls000008286 |c 8762 |d 8762 | ||


